000 01416ngm a2200289 4500
003 dpl
005 2009031807427.0
007 DVD
008 ||||||sp199 xxu|||||c ||| 00| 0 ng d
010 _aDVD-001818-1820
024 _aVENF 0086
_c49.00
035 _aDVD-001818-1820
040 _aDPL
_cDPL
082 _aDVD / SHAK
245 _aShaker Run :
_cIndus Video Presents
_h[videorecording] DVD/
_bThe Ultimate Chase /
260 _bMoserbaer Entertainment
300 _a1 videodisc VCD;
_bsd., col. ;
_c4 3/4 in.
_fVCD
440 _aMoserbaer Home Entertainment
500 _aMoserbaer India Ltd. has obtained the necessary licence/conssent from the owner of the copyright in the wroks for making this DVD Film.
538 _aDolby Digital 5.1 -English Subtitles: English
650 _aMotion Picture
942 _cCF
_2ddc
_hDVD
_mSHAK
999 _c25361
_d25361